Овечка в волчьей шкуре: Повести

Podrobná bibliografie
Hlavní autor: Полякова Т. В. Татьяна Викторовна
Shrnutí:Исключено из фонда НТБ ТПУ
Jazyk:ruština
Vydáno: Москва, ЭКСМО-Пресс, 2000
Edice:Детектив глазами женщины
Médium: MixedMaterials Kniha
KOHA link:https://koha.lib.tpu.ru/cgi-bin/koha/opac-detail.pl?biblionumber=14851

MARC

LEADER 00000nam0a2200000 4500
001 14851
005 20231030185855.0
010 |a 5040043090 
035 |a (RuTPU)RU\TPU\book\14950 
035 |a BOOK00015020 
090 |a 14851 
100 |a 20011209d2000 m y0rusy50 ca 
101 0 |a rus 
102 |a RU 
105 |a y z 000ay 
200 1 |a Овечка в волчьей шкуре  |e Повести  |f Т. В. Полякова 
210 |a Москва  |c ЭКСМО-Пресс  |d 2000 
215 |a 432 с. 
225 1 |a Детектив глазами женщины 
333 |a Исключено из фонда НТБ ТПУ 
700 1 |a Полякова  |b Т. В.  |g Татьяна Викторовна 
801 0 |a RU  |b 63413507  |c 20011209  |g PSBO 
801 2 |a RU  |b 63413507  |c 20170518  |g PSBO 
942 |c BK